futbolistas uruguayos con más partidos en La Liga - Estadísticas

Estadísticas generales
  • Esta prueba ha sido intentada 433 veces
  • La puntuación promedio es 7 de 14
Estadísticas de respuestas
Años en La Liga Club/ Clubes Partidos Jugador % Correcto
2014-2022 FC Barcelona/ Atlético de Madrid 258 Luis Suárez
89%
2004-2011 Villarreal CF/ Atlético de Madrid 240 Forlán
88%
2007-2019 Villarreal CF/ Atlético de Madrid 368 Godín
85%
2017-Actualidad RC Deportivo/ Real Madrid 162 Valverde
84%
2013- Actualidad Atlético de Madrid 203 Giménez
83%
2010-2015/ 2017-2019/ 2022- Actualidad Levante UD/ Racing Santander/ RCD Espanyol/ Girona FC 262 Stuani
65%
2011- Actualidad Sporting de Gijón/ Elche CF/ Getafe CF 308 Damián Suárez
56%
2017-Actualidad Getafe CF 173 Arambarri
51%
2019- Actualidad Cádiz CF/ Rayo Vallecano 105 Espino
49%
2007-2018 RCD Mallorca/ Real Sociedad/ Málaga CF 296 Castro
20%
2001-2005/ 2006-2012 RC Deportivo/ RCD Mallorca/ CA Osasuna/ RCD Espanyol 279 Pandiani
20%
2003-2013 RC Deportivo/ Málaga CF/ Levante UD 151 Munúa
9%
2008-2010/2010-2012 Villarreal CF/ Sporting de Gijón 110 Eguren
4%
2006-2013 Getafe CF/ RCD Espanyol 128 Albín
1%
No se encontraron pruebas coincidentes
Distribución de puntuación
Porcentaje de gente con cada puntuación
Porcentaje por número respondido
Historial de tus puntuaciones
No has intentado esta prueba.